Most expensive football transfers - Defensive Midfielders - 2012-2013 - Statistics

General Stats
  • This quiz has been taken 13 times
  • The average score is 5 of 10
Answer Stats
Fee (M €) Nationality Left Joined Player % Correct
19,00 Cameroon / France Arsenal Barcelona Alex Song
90%
40,00 Spain Athletic Bayern Munich Javi Martínez
90%
8,50 Switzerland FC Basel Bor. M'gladbach Granit Xhaka
80%
20,20 Spain Benfica Manchester City Javi García
70%
8,00 Switzerland Fiorentina SSC Napoli Valon Behrami
60%
7,00 South Korea Celtic Swansea Sung-yueng Ki
50%
7,50 Portugal Genoa Dynamo Kyiv Miguel Veloso
40%
8,50 Netherlands Ajax Newcastle Vurnon Anita
20%
12,00 France Stde Rennais Rubin Kazan Yann M'Vila
20%
8,00 Brazil Vasco da Gama Spartak Moscow Rômulo
10%
No matching quizzes found
Score Distribution
Percent of People with Each Score
Percentile by Number Answered
Your Score History
You have not taken this quiz